|
|
|
|
| LEADER |
00000nam a22000007a 4500 |
| 005 |
20190801133731.0 |
| 007 |
cr|||| |||| |
| 008 |
190801s2018 br |||||s|||| 00||0 por d |
| 020 |
|
|
|a 978-85-7789-347-8
|
| 035 |
|
|
|a 23926
|
| 040 |
|
|
|a vLex
|
| 090 |
|
|
|c 9100
|d 9100
|
| 100 |
1 |
|
|a Apoliano Cardoso, Hľio
|
| 245 |
1 |
0 |
|a ABC dos Recursos no Novo CPC Comentado
|h [Recurso electrn̤ico] /
|c Hľio Apoliano Cardoso
|
| 256 |
|
|
|a Servicio en ln̕ea
|
| 260 |
|
|
|a San Pablo:
|b JH Mizuno,
|c 2018
|
| 300 |
|
|
|a 1 recurso electrn̤ico
|
| 500 |
|
|
|a Os recursos fazem parte do rol de garantias constitucionais, uma vez que estô inseridos na ampla defesa, com os meios e recursos a ela inerentes, conforme norma plasmada no inciso LV, do artigo 5ð, da Constituiȯ̂ Federal. Por isso mesmo ̌que os recursos devem ser vistos como verdadeiros instrumentos de reconstruȯ̂ da verdade na busca da decisô justa. Evidente que os abusos deverô ser rigorosamente punidos, uma vez que o processo nô pode admitir, contemplar e alimentar os jogos de astc︢ias.
|
| 506 |
1 |
|
|a Disponible solo en los productos indicados
|d vLex Global
|d vLex Global (Academic Edition, excluding Law Schools)
|d vLex Global (U.S. Academic Edition, Law Schools)
|d vLex Global (U.S. Academic Edition, excluding Law Schools)
|d vLex Global (Academic Edition, Law Schools)
|
| 650 |
0 |
4 |
|a Derecho Civil
|z Brasil
|
| 650 |
0 |
4 |
|a Procedimiento Civil
|z Brasil
|
| 740 |
0 |
|
|a vLex Libros (Servicio en ln̕ea)
|
| 856 |
4 |
0 |
|u http://vlex.com/source/abc-dos-recursos-no-novo-cpc-comentado-23926
|z Acceso restringido
|
| 942 |
|
|
|c BOOK
|
| 999 |
0 |
|
|a Civil Law
|
| 999 |
0 |
|
|a Civil Procedure
|